[Event "FICGS W-ch st1 gM 01 email"]
[Site "FICGS email"]
[Date "2023.07.04"]
[Round "1"]
[White "Kireev, Sergey Ivanovich"]
[Black "Simal Moreira, Leonardo"]
[Result "1/2-1/2"]
[WhiteElo "2329"]
[BlackElo "2303"]
[PlyCount "42"]
[EventDate "2023.??.??"]
[EventType "tourn (corr)"]
[EventRounds "6"]
[EventCategory "1"]
[SourceTitle "Corr 2024"]
[Source "ChessBase"]
[SourceDate "2023.10.19"]
[SourceVersion "1"]
[SourceVersionDate "2023.10.19"]
[SourceQuality "1"]

1. e4 e5 2. Nf3 Nc6 3. Bb5 Nf6 4. d3 Bc5 5. Ba4 a6 6. c3 b5 7. Bb3 d6 8. 0-0 0-0 9. Nbd2 h6 10. Re1 Bb6 11. Nf1 Re8 12. h3 Be6 13. Be3 d5 14. exd5 Bxd5 15. Bxb6 cxb6 16. d4 exd4 17. Rxe8+ Qxe8 18. Nxd4 Nxd4 19. Qxd4 Bxb3 20. axb3 Qe2 21. Qxb6 Qxb2 1/2-1/2

[Event "FICGS W-ch st2 g03 email"]
[Site "FICGS email"]
[Date "2022.11.15"]
[Round "1"]
[White "Van Dijk, Erik"]
[Black "Simal Moreira, Leonardo"]
[Result "1/2-1/2"]
[WhiteElo "2265"]
[BlackElo "2322"]
[PlyCount "117"]
[EventDate "2022.??.??"]
[EventType "tourn (corr)"]
[EventRounds "6"]
[SourceTitle "Corr 2024"]
[Source "ChessBase"]
[SourceDate "2023.10.19"]
[SourceVersion "1"]
[SourceVersionDate "2023.10.19"]
[SourceQuality "1"]

1. e4 c5 2. Nc3 Nc6 3. f4 g6 4. Nf3 Bg7 5. Bb5 Nd4 6. Bc4 Nh6 7. d3 e6 8. 0-0 0-0 9. h3 b6 10. Nb5 Nxb5 11. Bxb5 a6 12. Ba4 b5 13. Bb3 d5 14. c3 c4 15. Bc2 Qb6+ 16. d4 dxe4 17. Bxe4 Rb8 18. Ne5 Nf5 19. Qe1 Re8 20. a4 Ne7 21. h4 f6 22. Nf3 h5 23. Qe2 Bb7 24. Bxb7 Rxb7 25. axb5 axb5 26. Nd2 Nf5 27. Ne4 Rbe7 28. Kh2 Nxh4 29. b3 cxb3 30. Ba3 Rd7 31. Rab1 Qc6 32. Rxb3 Qc4 33. Qxc4 bxc4 34. Rb2 Nf5 35. Re1 Kf7 36. g3 Bh6 37. Kh3 Ra8 38. Bc5 Ra6 39. Rb8 Ra2 40. Rb6 Bg7 41. Rb8 Rc2 42. Ra8 Nh6 43. Rea1 Nf5 44. R8a2 Rxa2 45. Rxa2 Bh6 46. Ra8 g5 47. fxg5 Bxg5 48. Rf8+ Kg6 49. Rg8+ Rg7 50. Re8 Kf7 51. Rf8+ Kg6 52. Re8 h4 53. gxh4 Rh7 54. Rxe6 Rxh4+ 55. Kg2 Ne3+ 56. Kg3 Nd5 57. Nxg5 Kxg5 58. Bb4 Nxb4 59. cxb4 1/2-1/2

[Event "FICGS W-ch st1 gM 01 email"]
[Site "FICGS email"]
[Date "2022.03.14"]
[Round "1"]
[White "Gray, Garvin"]
[Black "Simal Moreira, Leonardo"]
[Result "1/2-1/2"]
[WhiteElo "2321"]
[BlackElo "2320"]
[PlyCount "57"]
[EventDate "2022.??.??"]
[EventType "tourn (corr)"]
[EventRounds "6"]
[EventCategory "1"]
[SourceTitle "Corr 2024"]
[Source "ChessBase"]
[SourceDate "2023.10.19"]
[SourceVersion "1"]
[SourceVersionDate "2023.10.19"]
[SourceQuality "1"]

1. e4 c5 2. c3 Nf6 3. e5 Nd5 4. Nf3 d6 5. d4 cxd4 6. cxd4 Nc6 7. Bc4 Nb6 8. Bb5 dxe5 9. Nxe5 Bd7 10. Nxd7 Qxd7 11. Nc3 e6 12. 0-0 a6 13. Bxc6 Qxc6 14. Be3 Nd5 15. Rc1 Be7 16. Qf3 Rd8 17. Ne4 Qd7 18. Qg3 Kf8 19. h4 h6 20. h5 Kg8 21. Qf3 f5 22. Nc5 Bxc5 23. dxc5 Nxe3 24. Qxe3 Kh7 25. a3 Qf7 26. Rfd1 Qxh5 27. Rd6 Rxd6 28. cxd6 Rd8 29. Qd3 1/2-1/2

[Event "FICGS W-ch st1 gM 01 email"]
[Site "FICGS email"]
[Date "2022.03.14"]
[Round "1"]
[White "Kireev, Sergey Ivanovich"]
[Black "Simal Moreira, Leonardo"]
[Result "1/2-1/2"]
[WhiteElo "2331"]
[BlackElo "2320"]
[PlyCount "73"]
[EventDate "2022.??.??"]
[EventType "tourn (corr)"]
[EventRounds "6"]
[EventCategory "1"]
[SourceTitle "Corr 2024"]
[Source "ChessBase"]
[SourceDate "2023.10.19"]
[SourceVersion "1"]
[SourceVersionDate "2023.10.19"]
[SourceQuality "1"]

1. e4 c5 2. Nf3 d6 3. d4 cxd4 4. Nxd4 Nf6 5. Nc3 a6 6. Bd3 e5 7. Nde2 Be7 8. 0-0 0-0 9. h3 Be6 10. Be3 Nbd7 11. Ng3 b5 12. Qf3 Nc5 13. Rfe1 g6 14. a4 b4 15. Nd5 Bxd5 16. Bxc5 dxc5 17. exd5 Bd6 18. Qe2 Qb6 19. Qd2 Rfe8 20. b3 Kg7 21. Nf5+ Kg8 22. a5 Qd8 23. Nxd6 Qxd6 24. Rad1 e4 25. Bc4 Re5 26. c3 bxc3 27. Qxc3 Rae8 28. Re2 Rf5 29. Rde1 Re7 30. Qg3 Ree5 31. Re3 h5 32. f3 h4 33. Qxh4 exf3 34. Rxe5 Rxe5 35. Rxe5 Qxe5 36. gxf3 Kg7 37. Kf2 1/2-1/2

[Event "FICGS W-ch st1 gM 01 email"]
[Site "FICGS email"]
[Date "2022.03.14"]
[Round "1"]
[White "Rita, Giacomo"]
[Black "Simal Moreira, Leonardo"]
[Result "1/2-1/2"]
[WhiteElo "2371"]
[BlackElo "2320"]
[PlyCount "100"]
[EventDate "2022.??.??"]
[EventType "tourn (corr)"]
[EventRounds "6"]
[EventCategory "1"]
[SourceTitle "Corr 2024"]
[Source "ChessBase"]
[SourceDate "2023.10.19"]
[SourceVersion "1"]
[SourceVersionDate "2023.10.19"]
[SourceQuality "1"]

1. e4 c5 2. Nf3 d6 3. d4 cxd4 4. Nxd4 Nf6 5. Nc3 a6 6. Be3 e5 7. Nb3 Be7 8. f3 Be6 9. Qd2 h5 10. Nd5 Nxd5 11. exd5 Bf5 12. Be2 a5 13. a4 0-0 14. 0-0 Nd7 15. Bb5 Nf6 16. c4 Bd7 17. h3 h4 18. Rfe1 Re8 19. Red1 Qc7 20. Bxd7 Nxd7 21. c5 e4 22. fxe4 Bf6 23. cxd6 Qxd6 24. Qd3 Ne5 25. Qe2 Qb4 26. Nd4 Nc4 27. Nc2 Qxb2 28. Qxc4 Rac8 29. Bc5 b6 30. Rab1 Rxc5 31. Qxc5 Qxb1 32. Rxb1 bxc5 33. Rb5 Rxe4 34. Rxa5 Rc4 35. Ne3 Re4 36. Nc2 Rc4 37. Ne3 Bd4 38. Ra8+ Kh7 39. Kf2 Rc2+ 40. Kf3 Rd2 41. Nc4 Rf2+ 42. Ke4 f5+ 43. Kd3 Rxg2 44. d6 Rg3+ 45. Ke2 Rxh3 46. Rf8 Rh2+ 47. Kd1 Rh1+ 48. Kc2 Rh2+ 49. Kc1 Rh1+ 50. Kc2 Rh2+ 1/2-1/2

[Event "FICGS W-ch st1 gM 01 email"]
[Site "FICGS email"]
[Date "2022.03.14"]
[Round "1"]
[White "Simal Moreira, Leonardo"]
[Black "Denisov, Timofey"]
[Result "1/2-1/2"]
[WhiteElo "2320"]
[BlackElo "2277"]
[PlyCount "60"]
[EventDate "2022.??.??"]
[EventType "tourn (corr)"]
[EventRounds "6"]
[EventCategory "1"]
[SourceTitle "Corr 2024"]
[Source "ChessBase"]
[SourceDate "2023.10.19"]
[SourceVersion "1"]
[SourceVersionDate "2023.10.19"]
[SourceQuality "1"]

1. d4 Nf6 2. c4 g6 3. Nc3 d5 4. cxd5 Nxd5 5. e4 Nxc3 6. bxc3 Bg7 7. Be3 c5 8. Nf3 Qa5 9. Qd2 Nc6 10. Rc1 cxd4 11. cxd4 Qxd2+ 12. Kxd2 0-0 13. Bb5 f5 14. exf5 Bxf5 15. Bxc6 bxc6 16. Rxc6 Rab8 17. Rhc1 Rb2+ 18. Ke1 Rxa2 19. Rc7 Bf6 20. Ne5 a5 21. Ra7 a4 22. Nc6 a3 23. Nxe7+ Bxe7 24. Rxe7 Rf7 25. Re8+ Rf8 26. Rxf8+ Kxf8 27. d5 Rc2 28. Bc5+ Ke8 29. Rxc2 Bxc2 30. Bxa3 Be4 1/2-1/2

[Event "FICGS W-ch st1 gM 01 email"]
[Site "FICGS email"]
[Date "2022.03.14"]
[Round "1"]
[White "Simal Moreira, Leonardo"]
[Black "Hybl, Vladislav"]
[Result "1/2-1/2"]
[WhiteElo "2320"]
[BlackElo "2368"]
[PlyCount "85"]
[EventDate "2022.??.??"]
[EventType "tourn (corr)"]
[EventRounds "6"]
[EventCategory "1"]
[SourceTitle "Corr 2024"]
[Source "ChessBase"]
[SourceDate "2023.10.19"]
[SourceVersion "1"]
[SourceVersionDate "2023.10.19"]
[SourceQuality "1"]

1. d4 Nf6 2. c4 e6 3. Nc3 d5 4. Nf3 c6 5. Bg5 h6 6. Bh4 dxc4 7. e4 g5 8. Bg3 b5 9. Be2 Bb7 10. 0-0 Nbd7 11. Ne5 Bg7 12. Nxd7 Nxd7 13. Bd6 a6 14. a4 b4 15. Bxb4 Qb6 16. Ba3 Qxd4 17. Qc2 Qe5 18. Rad1 c5 19. Bxc4 Qc7 20. Ne2 0-0 21. Ng3 Rfd8 22. Be2 Rac8 23. b3 Bd4 24. Kh1 Nf8 25. Nh5 Ng6 26. Bc1 Be5 27. Rxd8+ Rxd8 28. h3 Nf4 29. Nxf4 Bxf4 30. f3 Bxc1 31. Qxc1 Qe5 32. Qc2 h5 33. a5 g4 34. Qc1 Kg7 35. Qe1 f6 36. fxg4 hxg4 37. Bxg4 Bxe4 38. Be2 Rd6 39. Bc4 f5 40. Qh4 Kg6 41. Qe1 Kf7 42. Be2 Qf6 43. Bh5+ 1/2-1/2

[Event "ZH-2020-0-01846"]
[Site "LSS email"]
[Date "2020.09.06"]
[Round "?"]
[White "Cvak, Rudolf"]
[Black "Simal Moreira, Leonardo"]
[Result "1/2-1/2"]
[WhiteElo "2333"]
[BlackElo "2370"]
[PlyCount "41"]
[EventDate "2020.06.25"]
[EventType "match (corr)"]
[EventRounds "2"]
[EventCountry "GER"]
[SourceTitle "Corr 2022"]
[Source "ChessBase"]
[SourceDate "2021.10.24"]
[SourceVersion "1"]
[SourceVersionDate "2021.10.24"]
[SourceQuality "1"]

1. e4 e5 2. Nf3 Nc6 3. Bc4 Bc5 4. 0-0 Nf6 5. d3 d6 6. c3 a6 7. a4 0-0 8. Re1 Ba7 9. h3 h6 10. b4 Ne7 11. Nbd2 Ng6 12. d4 Re8 13. b5 axb5 14. axb5 Be6 15. Bf1 Bb6 16. Rxa8 Qxa8 17. Qc2 c6 18. Bb2 Qd8 19. Ra1 Qc7 20. bxc6 bxc6 21. c4 1/2-1/2

[Event "WC-2020-S-00002"]
[Site "LSS email"]
[Date "2020.06.08"]
[Round "?"]
[White "Simal Moreira, Leonardo"]
[Black "Bernal Varela, Nelson"]
[Result "1/2-1/2"]
[WhiteElo "2370"]
[BlackElo "2392"]
[PlyCount "52"]
[EventDate "2020.06.08"]
[EventType "tourn (corr)"]
[EventRounds "12"]
[EventCountry "GER"]
[SourceTitle "Corr 2024"]
[Source "ChessBase"]
[SourceDate "2023.10.19"]
[SourceVersion "1"]
[SourceVersionDate "2023.10.19"]
[SourceQuality "1"]

1. d4 e6 2. e4 d5 3. Nc3 Nf6 4. Bg5 dxe4 5. Nxe4 Be7 6. Bxf6 gxf6 7. Nf3 f5 8. Nc3 a6 9. a4 Bf6 10. Qd2 c5 11. d5 e5 12. Qh6 e4 13. Nd2 Nd7 14. h4 Rg8 15. 0-0-0 Rg6 16. Qf4 Bxc3 17. bxc3 Qf6 18. h5 Rg4 19. Qc7 Nb6 20. Nc4 Nxc4 21. Bxc4 Qxc3 22. d6 Qa3+ 23. Kd2 Qb4+ 24. Kc1 Qa3+ 25. Kd2 Qb4+ 26. Kc1 Qa3+ 1/2-1/2

[Event "WC-2020-S-00002"]
[Site "LSS email"]
[Date "2020.06.08"]
[Round "?"]
[White "Simal Moreira, Leonardo"]
[Black "Perez, Brigiliano"]
[Result "1/2-1/2"]
[WhiteElo "2370"]
[BlackElo "2508"]
[PlyCount "65"]
[EventDate "2020.06.08"]
[EventType "tourn (corr)"]
[EventRounds "12"]
[EventCountry "GER"]
[SourceTitle "Corr 2024"]
[Source "ChessBase"]
[SourceDate "2023.10.19"]
[SourceVersion "1"]
[SourceVersionDate "2023.10.19"]
[SourceQuality "1"]

1. d4 Nf6 2. c4 g6 3. Nc3 d5 4. cxd5 Nxd5 5. e4 Nxc3 6. bxc3 Bg7 7. Bc4 c5 8. Ne2 Nc6 9. Be3 0-0 10. 0-0 b6 11. dxc5 Qc7 12. Nd4 Ne5 13. Nb5 Qb8 14. Bd5 Ng4 15. g3 Nxe3 16. fxe3 a6 17. Bxa8 axb5 18. Bd5 Qc7 19. cxb6 Qxb6 20. Qe2 e6 21. Bb3 b4 22. Bc2 Ba6 23. Bd3 Bxd3 24. Qxd3 Rd8 25. Qe2 bxc3 26. Rad1 Rc8 27. Qd3 Qc6 28. Rf2 Be5 29. Rdf1 Rc7 30. Qc2 Qa8 31. a4 Rb7 32. Qa2 Qa7 33. Rf3 1/2-1/2

[Event "ST-2020-0-00132"]
[Site "LSS email"]
[Date "2020.01.17"]
[Round "?"]
[White "Fernandez, Javier Horacio"]
[Black "Simal Moreira, Leonardo"]
[Result "1/2-1/2"]
[WhiteElo "2350"]
[BlackElo "2422"]
[PlyCount "99"]
[EventDate "2020.01.17"]
[EventType "tourn (corr)"]
[EventRounds "6"]
[EventCountry "GER"]
[SourceTitle "Corr 2022"]
[Source "ChessBase"]
[SourceDate "2021.10.24"]
[SourceVersion "1"]
[SourceVersionDate "2021.10.24"]
[SourceQuality "1"]

1. e4 e5 2. Nf3 Nc6 3. Bb5 Nf6 4. 0-0 Nxe4 5. d4 Nd6 6. Bxc6 dxc6 7. dxe5 Nf5 8. Qxd8+ Kxd8 9. h3 Bd7 10. Rd1 Kc8 11. g4 Ne7 12. Ng5 Be8 13. f4 h6 14. Ne4 b6 15. c4 Ng6 16. Kf2 h5 17. Nbc3 Be7 18. Kg3 Bh4+ 19. Kg2 Bd7 20. Kf3 Be7 21. Kg3 Bh4+ 22. Kf3 Be7 23. Kg3 hxg4 24. hxg4 Bh4+ 25. Kf3 f5 26. exf6 gxf6 27. Ng3 Be6 28. Rh1 Kb7 29. b3 Rad8 30. Be3 Rd3 31. Nd1 Rdd8 32. Nc3 Rd3 33. Nd1 Bc8 34. Nf2 Rdd8 35. Rad1 Rde8 36. Bd4 c5 37. Ba1 Rhg8 38. Rhe1 Kb8 39. Rxe8 Rxe8 40. f5 Bb7+ 41. Nge4 Nf8 42. Kf4 Nh7 43. Rd3 Ng5 44. Nxf6 Re1 45. Rd8+ Bc8 46. Rh8 Bxf2 47. Kxg5 Rxa1 48. Re8 Bd4 49. Nd5 Kb7 50. Re7 1/2-1/2

[Event "ST-2020-0-00132"]
[Site "LSS email"]
[Date "2020.01.17"]
[Round "?"]
[White "Simal Moreira, Leonardo"]
[Black "Wosch, Arkadiusz Janusz"]
[Result "1/2-1/2"]
[WhiteElo "2422"]
[BlackElo "2438"]
[PlyCount "161"]
[EventDate "2020.01.17"]
[EventType "tourn (corr)"]
[EventRounds "6"]
[EventCountry "GER"]
[SourceTitle "Corr 2022"]
[Source "ChessBase"]
[SourceDate "2021.10.24"]
[SourceVersion "1"]
[SourceVersionDate "2021.10.24"]
[SourceQuality "1"]

1. e4 c5 2. Nf3 Nc6 3. d4 cxd4 4. Nxd4 Nf6 5. Nc3 d6 6. Bg5 e6 7. Qd2 a6 8. 0-0-0 Bd7 9. f4 b5 10. Bxf6 gxf6 11. Nxc6 Bxc6 12. Kb1 Qb6 13. f5 b4 14. Ne2 e5 15. Ng3 h5 16. h4 Bh6 17. Qxd6 Rd8 18. Qxd8+ Qxd8 19. Rxd8+ Kxd8 20. Bxa6 Be3 21. Bd3 Bf2 22. Rh3 Rg8 23. Nxh5 Rxg2 24. Kc1 Ke7 25. Kd1 Bd4 26. Ng3 Rg1+ 27. Kd2 Bxb2 28. Ke3 Kf8 29. Kf3 Ra1 30. h5 Kg7 31. h6+ Kh7 32. Nh5 Kxh6 33. Nxf6+ Kg7 34. Nh5+ Kf8 35. Nf6 Rxa2 36. Rh8+ Kg7 37. Rc8 Kxf6 38. Rxc6+ Kg7 39. Rb6 Bd4 40. Rxb4 Kf6 41. Rc4 Kg5 42. Rc8 Ra3 43. Rg8+ Kf6 44. Rf8 Rc3 45. Rg8 Ke7 46. Rb8 Rc7 47. Ke2 Kf6 48. Rg8 Rc6 49. Kd1 Bc3 50. Ke2 Bd4 51. Kf3 Bb6 52. Kg4 Be3 53. Kh5 Rc7 54. Rd8 Rc6 55. Rd5 Rc8 56. Rd6+ Ke7 57. Ra6 f6 58. Kg4 Rg8+ 59. Kf3 Bf4 60. Re6+ Kf7 61. Rc6 Ke7 62. Bb5 Rg3+ 63. Kf2 Re3 64. Rc4 Kd6 65. Bc6 Rh3 66. Bd5 Bg5 67. Rc6+ Kd7 68. c4 Bh4+ 69. Ke2 Bg5 70. Kd1 Rc3 71. Rb6 Kc7 72. Rb2 Kd6 73. Rc2 Rxc2 74. Kxc2 Bf4 75. Kc3 Bh6 76. Kb4 Bd2+ 77. Kb5 Be3 78. Bc6 Bf2 79. Bd5 Bc5 80. Bg8 Be3 81. Bd5 1/2-1/2

[Event "ST-2020-0-00132"]
[Site "LSS email"]
[Date "2020.01.17"]
[Round "?"]
[White "Walczak, Piotr"]
[Black "Simal Moreira, Leonardo"]
[Result "1/2-1/2"]
[WhiteElo "2396"]
[BlackElo "2422"]
[PlyCount "53"]
[EventDate "2020.01.17"]
[EventType "tourn (corr)"]
[EventRounds "6"]
[EventCountry "GER"]
[SourceTitle "Corr 2022"]
[Source "ChessBase"]
[SourceDate "2021.10.24"]
[SourceVersion "1"]
[SourceVersionDate "2021.10.24"]
[SourceQuality "1"]

1. c4 e5 2. Nc3 Nf6 3. Nf3 Nc6 4. e3 Bb4 5. Qc2 Bxc3 6. Qxc3 Qe7 7. d4 Ne4 8. Qd3 exd4 9. Nxd4 0-0 10. Be2 Nxd4 11. Qxd4 b6 12. 0-0 Bb7 13. f3 Nc5 14. Bd1 f5 15. b4 Ne6 16. Qd2 a5 17. bxa5 Rxa5 18. a4 f4 19. Ba3 d6 20. Re1 Qf6 21. Bb2 Qh6 22. c5 fxe3 23. Qxe3 Qxe3+ 24. Rxe3 Nxc5 25. Re7 Rf7 26. Re8+ Rf8 27. Re7 1/2-1/2

[Event "LSS No Engine Cup 185 Final"]
[Site "LSS email"]
[Date "2019.08.09"]
[Round "?"]
[White "Jenneborg, Seved"]
[Black "Simal Moreira, Leonardo"]
[Result "1-0"]
[WhiteElo "2248"]
[BlackElo "1600"]
[PlyCount "51"]
[EventDate "2019.08.10"]
[EventType "tourn (corr)"]
[EventRounds "6"]
[EventCountry "GER"]
[SourceTitle "Corr 2022"]
[Source "ChessBase"]
[SourceDate "2021.10.24"]
[SourceVersion "1"]
[SourceVersionDate "2021.10.24"]
[SourceQuality "1"]

1. e4 c6 2. Nf3 d5 3. e5 Bf5 4. d4 e6 5. Be2 a6 6. 0-0 c5 7. Be3 Nd7 8. c3 cxd4 9. cxd4 h6 10. Nbd2 Ne7 11. Ne1 Rc8 12. Nb3 Nc6 13. Bd3 Bxd3 14. Nxd3 Be7 15. f4 0-0 16. f5 Bg5 17. Qd2 Re8 18. Rae1 Nb6 19. Qf2 exf5 20. Qxf5 Rf8 21. Bxg5 Qxg5 22. Qh3 Nc4 23. Rf3 Qe7 24. Rg3 Kh8 25. Nf4 Rce8 26. Rf1 1-0

[Event "LSS No Engine Cup 185 Final"]
[Site "LSS email"]
[Date "2019.08.09"]
[Round "?"]
[White "Simal Moreira, Leonardo"]
[Black "Mostowik, Pawel"]
[Result "1/2-1/2"]
[WhiteElo "1600"]
[BlackElo "2177"]
[PlyCount "42"]
[EventDate "2019.08.10"]
[EventType "tourn (corr)"]
[EventRounds "6"]
[EventCountry "GER"]
[SourceTitle "Corr 2022"]
[Source "ChessBase"]
[SourceDate "2021.10.24"]
[SourceVersion "1"]
[SourceVersionDate "2021.10.24"]
[SourceQuality "1"]

1. d4 Nf6 2. Nf3 d5 3. Bf4 e6 4. e3 c5 5. c3 Nc6 6. Nbd2 Be7 7. Bd3 c4 8. Bc2 Nh5 9. Be5 f6 10. Bg3 g6 11. 0-0 Nxg3 12. hxg3 0-0 13. Re1 b5 14. a3 f5 15. Qe2 a5 16. Ne5 Nxe5 17. dxe5 Bc5 18. b4 Bb6 19. f4 a4 20. Rad1 Bb7 21. Kf2 Kg7 1/2-1/2